000 00239nam a22001217a 4500
082 _a474
_bVAR/D
100 _aVARMA, MAHADEVI
245 _aDEEPA GEETH
260 _aDELHI
_bRAJPAL
300 _a102
650 _aPOETRY
_zINDIA
942 _cBK
999 _c4416
_d4416